000 01654nam2a22002291 4500
001 rc\4726980
005 20250612013050.0
035 _a(NLR Aleph) 008445140
090 _a9503013
_c9503013
100 _a20130416d1959 |||y0rusy50 ca
101 0 _arus
102 _aRU
105 _aa z |||||
200 0 _aЧ. 1
210 _d1959
_aБ. м.
215 _a[1], 169 л., 46 л. ил.
461 0 _1001rc\4726979
_12001#$aМатериалы Советско-Румынского совещания по обмену опытом в области использования тростника в целлюлозно-бумажной промышленности$f[Редколлегия: С.П. Фотеев (отв. ред.)] [и др.] Ч. 1$gГос. план. комис. Совета Министров Укр. ССР. Укр. науч.-исслед. ин-т целлюлозной и бумажной пром-сти$vЧ. 1
_99503009
_aСоветско-Румынское совещание по обмену опытом в области использования тростника в целлюлозно-бумажной промышленности (1958 ; Киев)
_cКиев
_d1959
_f[Редколлегия: С.П. Фотеев (отв. ред.)] [и др.] Ч. 1
_nБ. и.
_tМатериалы Советско-Румынского совещания по обмену опытом в области использования тростника в целлюлозно-бумажной промышленности
_vЧ. 1
801 0 _aRU
_bNLR
_gpsbo
801 1 _aRU
_bELAR
_2rusmarc
852 _aNLR
_j59-8/2545
942 _cBOOK
980 _aNB